Szczegóły MARC21

Identyfikacja potencjału i zasobów Dolnego Śląska w obszarze nauka i technologie na rzecz poprawy jakości życia (quality of life) oraz wytyczenie przyszłych kierunków rozwoju badania metodami foresight : praca zbiorowa /

003 -Nazwa inst., której nr kontr. jest w polu 001 [,]
    • @
    • Nazwa instytucji, której n kontrolny jest w polu 001
    • NUKAT
005 -DATA I CZAS OSTATNIEJ MODYFIKACJI [,]
    • @
    • pole kontrolne
    • 20250821140843.0
020 -Międzynarod. znormalizowany nr książki - ISBN [ , ]
    • a
    • Numer ISBN
    • 9788393021246 Find
040 -Instytucja sporządzająca opis [ , ]
    • a
    • Instytucja, która sporządziła opis (NP)
    • POZN 004/MKA
    • c
    • Instytucja, która sporządziła rekord (NP)
    • POZN 004/MKA
    • d
    • Instytucja, która zmodyfikowała rekord (P)
    • WR U/MBs
    • d
    • Instytucja, która zmodyfikowała rekord (P)
    • GL 001/ML
942 -Rodzaj dokumentu [ , ]
    • c
    • Rodzaj dokumentu
    • Książka
245 -Strefa tytułu i oznaczenia odpowiedzialności [0,0]
    • a
    • Tytuł
    • Identyfikacja potencjału i zasobów Dolnego Śląska w obszarze nauka i technologie na rzecz poprawy jakości życia (quality of life) oraz wytyczenie przyszłych kierunków rozwoju badania metodami foresight : Find
    • b
    • Ciąg dalszy tytułu (NP)
    • praca zbiorowa / Find
    • c
    • Pozostałe elementy strefy tytułu i oznaczenia odpowiedzialności (NP)
    • pod red. Jerzego Hanuzy [et al. ; aut.: Irena Choroszy-Król et al.] ; Uniwersytet Ekonomiczny we Wrocławiu.
260 -Strefa adresu wydawniczego [ , ]
    • a
    • Miejsce wydania (P)
    • Wrocław :
    • b
    • Nazwa wydawcy (P)
    • "Drukat",
    • c
    • Data wydania (P)
    • 2011.
300 -Strefa opisu fizycznego [ , ]
    • a
    • Określenie formy książki i/lub objętość (NP)
    • 374 s. :
    • b
    • Oznaczenie ilustracji (NP)
    • il. (w tym kolor.) ;
    • c
    • Format (NP)
    • 24 cm +
    • e
    • Oznaczenie dokumentu towarzyszącego (NP)
    • 1 dysk optyczny (CD-ROM).
336 -Typ zawartości [ , ]
    • a
    • Termin opisujący typ zawartości
    • Tekst
    • b
    • Kod określający zawartość
    • txt
    • 2
    • Źródło (terminu i kodu)
    • rdacontent
337 -Typ mediów [ , ]
    • a
    • Tryb odtwarzania
    • Bez urządzenia pośredniczącego
    • b
    • Kod typu mediów
    • n
    • 2
    • Źródło (terminu i kodu)
    • rdamedia
338 -Typ/rodzaj nośnika [ , ]
    • a
    • Hasło opisujące typ nośnika
    • Wolumin
    • b
    • Kod typu nośnika
    • nc
    • 2
    • Źródło (terminu i kodu)
    • rdacarrier
500 -Uwaga ogólna [ , ]
    • a
    • Uwaga ogólna (NP)
    • Nazwa wydaw. na podst. bazy ISBN.
504 -Uwaga dot. bibliogr. załącznikowej [ , ]
    • a
    • Uwaga dot. bibliografii załącznikowej
    • Bibliogr. przy rozdz.
536 -Uwaga dot. finansowania książki [ , ]
    • a
    • Tekst uwagi
    • Publikacja powstała w ramach projektu realizowanego na Uniwersytecie Ekonomicznym we Wrocławiu w ramach Programu Operacyjnego Innowacyjna Gospodarka 2007-2013 (Priorytet 1 "Badania i rozwój nowoczesnych technologii". Działanie 1.1 "Wsparcie badań naukowych dla budowy gospodarki opartej na wiedzy". Poddziałanie 1.1.1. "Projekty badawcze z wykorzystaniem metody foresight"). Nr umowy: UDA-POIG.01.01.01-02-011/09-00. Projekt współfinansowany przez Unię Europejską ze środków Europejskiego Funduszu Rozwoju Regionalnego
080 -Uniwersalna Klasyfikacja Dziesiętna [ , ]
    • 2
    • Identyfikator wydania tablic
    • UDC-P058
    • 9
    • UKD
    • 2960
    • a
    • Symbol klasyfikacji
    • 330.34
    • b
    • Dopowiedzenie
    • Rozwój gospodarczy.
    • 4
    • UKD2
    • 7642
    • x
    • Poddział wspólny
    • (438)
    • c
    • Dopowiedzenie poddz. wspólnego
    • (Polska).
080 -Uniwersalna Klasyfikacja Dziesiętna [ , ]
    • 2
    • Identyfikator wydania tablic
    • UDC-P058
    • 9
    • UKD
    • 2829
    • a
    • Symbol klasyfikacji
    • 316.728
    • b
    • Dopowiedzenie
    • Styl życia. Socjologia życia codziennego.
    • 4
    • UKD2
    • 7642
    • x
    • Poddział wspólny
    • (438)
    • c
    • Dopowiedzenie poddz. wspólnego
    • (Polska).
080 -Uniwersalna Klasyfikacja Dziesiętna [ , ]
    • 2
    • Identyfikator wydania tablic
    • UDC-P058
    • 9
    • UKD
    • 4502
    • a
    • Symbol klasyfikacji
    • 60
    • b
    • Dopowiedzenie
    • Biotechnologia.
    • 4
    • UKD2
    • 7642
    • x
    • Poddział wspólny
    • (438)
    • c
    • Dopowiedzenie poddz. wspólnego
    • (Polska).
080 -Uniwersalna Klasyfikacja Dziesiętna [ , ]
    • 2
    • Identyfikator wydania tablic
    • UDC-P058
    • 9
    • UKD
    • 3997
    • a
    • Symbol klasyfikacji
    • 502.2
    • b
    • Dopowiedzenie
    • Środowisko jako całość.
    • 4
    • UKD2
    • 7642
    • x
    • Poddział wspólny
    • (438)
    • c
    • Dopowiedzenie poddz. wspólnego
    • (Polska).
650 -Hasło przedmiotowe [ ,7]
    • a
    • Hasło przedmiotowe
    • Jakość życia
    • z
    • Określnik geograficzny
    • Polska
    • z
    • Określnik geograficzny
    • Śląsk, Dolny (region)
    • y
    • Określnik chronologiczny
    • 1990-.
    • 2
    • Źródło terminu
    • kaba
    • 9
    • KHW
    • 364882
650 -Hasło przedmiotowe [ ,7]
    • a
    • Hasło przedmiotowe
    • Innowacje
    • z
    • Określnik geograficzny
    • Polska
    • z
    • Określnik geograficzny
    • Śląsk, Dolny (region)
    • y
    • Określnik chronologiczny
    • 1990-.
    • 2
    • Źródło terminu
    • kaba
    • 9
    • KHW
    • 364879
650 -Hasło przedmiotowe [ ,7]
    • a
    • Hasło przedmiotowe
    • Badania
    • z
    • Określnik geograficzny
    • Polska
    • z
    • Określnik geograficzny
    • Śląsk, Dolny (region)
    • y
    • Określnik chronologiczny
    • 1990-.
    • 2
    • Źródło terminu
    • kaba
    • 9
    • KHW
    • 367777
650 -Hasło przedmiotowe [ ,7]
    • a
    • Hasło przedmiotowe
    • Ośrodki badań
    • z
    • Określnik geograficzny
    • Polska
    • z
    • Określnik geograficzny
    • Śląsk, Dolny (region)
    • y
    • Określnik chronologiczny
    • 1990-.
    • 2
    • Źródło terminu
    • kaba
    • 9
    • KHW
    • 367778
650 -Hasło przedmiotowe [ ,7]
    • a
    • Hasło przedmiotowe
    • Transfer technologii
    • z
    • Określnik geograficzny
    • Polska
    • z
    • Określnik geograficzny
    • Śląsk, Dolny (region)
    • y
    • Określnik chronologiczny
    • 1990-.
    • 2
    • Źródło terminu
    • kaba
    • 9
    • KHW
    • 367780
650 -Hasło przedmiotowe [ ,7]
    • a
    • Hasło przedmiotowe
    • Nauka i przemysł
    • z
    • Określnik geograficzny
    • Polska
    • z
    • Określnik geograficzny
    • Śląsk, Dolny (region)
    • y
    • Określnik chronologiczny
    • 1990-.
    • 2
    • Źródło terminu
    • kaba
    • 9
    • KHW
    • 367779
980 -Symbol UKD [ , ]
    • a
    • UKD
    • 330.34:316.728:60:502.2](438)
700 -Hasło dodatkowe - nazwa osobowa [1, ]
    • a
    • Nazwa osobowa (NP)
    • Hanuza, Jerzy Find
    • d
    • Daty biograficzne (NP)
    • (1942-2025).
    • e
    • Określenie rodzaju współpracy
    • Red.
    • 9
    • KHW
    • 45230
700 -Hasło dodatkowe - nazwa osobowa [1, ]
    • a
    • Nazwa osobowa (NP)
    • Choroszy-Król, Irena. Find
    • 9
    • KHW
    • 45229
710 -Hasło dodatkowe - nazwa ciała zbiorowego [2, ]
    • a
    • Nazwa ciała zbiorowego lub nazwa geograficzna jako pierwszy element (NP)
    • Drukat.
    • 4
    • Kod relacji
    • pbl
    • 9
    • KHW
    • 89645
920 -ISBN [ , ]
    • a
    • ISBN
    • 978-83-930212-4-6 Find
Numer inwentarzowy Status udost. Data inwentaryzacji Lokalizacja
E.73734-22012-04-02BE